|
|
|
|
| LEADER |
01741nam a22004454a 4500 |
| 001 |
EBC459460 |
| 003 |
MiAaPQ |
| 005 |
20200520144314.0 |
| 006 |
m o d | |
| 007 |
cr cn||||||||| |
| 008 |
060411s2006 dcua sb i000 0 eng |
| 010 |
|
|
|z 2006045006
|
| 020 |
|
|
|z 0821366033
|
| 035 |
|
|
|a (MiAaPQ)EBC459460
|
| 035 |
|
|
|a (Au-PeEL)EBL459460
|
| 035 |
|
|
|a (CaPaEBR)ebr10120777
|
| 035 |
|
|
|a (CaONFJC)MIL41373
|
| 035 |
|
|
|a (OCoLC)935270870
|
| 040 |
|
|
|a MiAaPQ
|c MiAaPQ
|d MiAaPQ
|
| 043 |
|
|
|a d------
|
| 050 |
|
4 |
|a HG178.33.D44
|b G35 2006
|
| 082 |
0 |
4 |
|a 332.109172/4
|2 22
|
| 100 |
1 |
|
|a Gallardo, Joselito S.,
|d 1938-
|
| 245 |
1 |
0 |
|a Strategic alliances to scale up financial services in rural areas
|h [electronic resource] /
|c Joselito Gallardo, Michael Goldberg, Bikki Randhawa.
|
| 260 |
|
|
|a Washington, D.C. :
|b World Bank,
|c c2006.
|
| 300 |
|
|
|a xv, 41 p. :
|b ill.
|
| 490 |
1 |
|
|a World Bank working paper ;
|v no. 76
|
| 504 |
|
|
|a Includes bibliographical references (p. 39-41).
|
| 533 |
|
|
|a Electronic reproduction. Ann Arbor, MI : ProQuest, 2015. Available via World Wide Web. Access may be limited to ProQuest affiliated libraries.
|
| 650 |
|
0 |
|a Microfinance
|z Developing countries.
|
| 650 |
|
0 |
|a Rural development
|z Developing countries.
|
| 650 |
|
0 |
|a Rural credit
|z Developing countries.
|
| 650 |
|
0 |
|a Financial institutions
|z Developing countries.
|
| 650 |
|
0 |
|a Strategic alliances (Business)
|z Developing countries.
|
| 655 |
|
4 |
|a Electronic books.
|
| 700 |
1 |
|
|a Goldberg, Mike,
|d 1956-
|
| 700 |
1 |
|
|a Randhawa, Bikki K.,
|d 1959-
|
| 710 |
2 |
|
|a ProQuest (Firm)
|
| 830 |
|
0 |
|a World Bank working paper ;
|v no. 76.
|
| 856 |
4 |
0 |
|u https://ebookcentral.proquest.com/lib/matrademy/detail.action?docID=459460
|z Click to View
|